000 00426nam a22001817a 4500
999 _c11089
_d11089
003 OSt
008 220215b ||||| |||| 00| 0 eng d
020 _a9789390219810
082 _a658.4033 PRP
100 _aPRINCE,Jeffrey T
245 _aPredictive Analytics for Business Strategy
250 _a1st
260 _aNew Delhi
_bTMH
_c2021
300 _a360
650 _aMBA
700 _aBOSE,Amarnath
942 _2ddc
_cBK